Countries that don't border their Closest Country (by Geographical Center) - Statistics

General Stats
  • This quiz has been taken 85 times
  • The average score is 10 of 20
Answer Stats
Country % Correct
Denmark
63%
Bangladesh
60%
Bangladesh
60%
Bhutan
59%
Bhutan
59%
Bhutan
59%
Nepal
59%
Monaco
57%
Switzerland
57%
Netherlands
56%
Gambia
51%
Lesotho
51%
Swaziland
51%
Guinea-Bissau
46%
Djibouti
40%
Morocco
40%
Yemen
40%
Iran
35%
Kuwait
35%
Portugal
35%
No matching quizzes found
Score Distribution
Percent of People with Each Score
Percentile by Number Answered
Your Score History
You have not taken this quiz